000 00753nam a2200253 a 4500
001 BRL_440
005 20190320210737.0
008 130813s1949----mx-a######---#000-0#spa-#
041 _aspa
044 _amx
050 4 _aF1435.1.B6
_b.S68 1949
100 1 _aSotomayor, Arturo
_94536
245 1 0 _aDos sepulcros en Bonampak
_cArturo Sotomayor.
260 _aMéxico
_bLibrería del Prado
_c[1949?]
300 _a165 p.
_bil., 2 hojas plegables, 16 láminas
_c21 cm.
500 _aAu1248
500 _aEstado físico: encuadernado, octubre 2013
600 1 4 _aFrey, Carlos
_d-1949
_923918
600 1 4 _aGómez, Franco L.
_d-1949
_923919
650 1 4 _aLacandones
_923920
651 4 _aBonampak Sitio (México)
_923921
902 _aGRL
942 _2lcc
_cB
999 _c9252
_d9252